Statistiques concernant Les principaux joueurs du Bayern Munich (2017-2018)

Cliquez ici pour prendre le quiz!

Statistiques générales

  • Ce quiz a été pris 265 fois
  • Le résultat moyen est 15 sur 17

Statistiques - réponses

IndiceNuméroJoueur% Correct
Gardien allemand1Manuel Neuer
98%
Attaquant polonais9Robert Lewandowski
98%
Attaquant allemand25Thomas Müller
95%
Milieu chilien23Arturo Vidal
94%
Défenseur autrichien27David Alaba
94%
Milieu néerlandais10Arjen Robben
93%
Milieu français7Franck Ribéry
93%
Défenseur allemand17Jérôme Boateng
90%
Milieu français29Kingsley Coman
90%
Milieu français24Corentin Tolisso
89%
Milieu colombien11James Rodríguez
87%
Défenseur allemand5Mats Hummels
83%
Milieu espagnol6Thiago
83%
Milieu allemand32Joshua Kimmich
80%
Défenseur espagnol8Javi Martínez
76%
Milieu portugais35Renato Sanches
74%
Défenseur brésilien13Rafinha
61%

Distribution des résultats

Percentile par nombre de réponses

% des personnes avec chaque résultat

Votre développement - résultats

Vous n’avez pas pris ce quiz